000 00460nam a2200193Ia 4500
003 ARRUPE
005 20140218144244.0
008 130227s9999 xx 000 0 und d
040 _cARRUPELIB
050 _aBX1912.5S973 2004
100 _aStrange, Roderick
_98730
245 4 _aThe risk of discipleship
260 _aLondon
260 _bLongman
300 _ax
300 _b166p. 18cm.
650 _bLangton, Stephen
_98731
942 _2lcc
_cMONOGRAPH
999 _c2394
_d2394